000 00704cpmaa2200217 4500
001 mm 78000059
003 DLC
005 20260227111619.0
008 781215|||||||||||| eng
010 _amm 78000059
040 _aDLC
_cDLC
_edacs
_dDLC
072 7 _aN
_2lcmd
100 1 _aArmstrong, John,
_dactive 1823.
245 0 0 _aJohn Armstrong correspondence,
_f1823.
300 _a1
_fitem.
506 0 _aOpen to research.
546 _aCollection material in English.
580 _aForms part of: Miscellaneous Manuscripts collection.
999 _c39539
_d39539